01316nam a2200289 i 4500003000900000005001700009007000300026008004100029040003000070082003300100110010500133240001900238245007900257264005400336300002700390336002700417337003300444338002800477590002700505650006600532651004900598910001400647942001400661952016400675952017000839999001701009DO-SdBNP20250617092124.0ta091207s2001 dr 000 0 spa d aDO-SdBNPbspacBNPHUerda 4a344. 729304bR426L, 20012221 aRepública Dominicana. b Secretaria de Estado de Salud Pública y Asistencia Social (2001)95654913a[ Leyes, etc.]10aLey No. 42-01 Ley General de Salud :bpromulgada el 8 de marzo del 2001. / 1aSanto Domingo :b[editor no identificado],c2001. a93 páginas ;c21 cm. atextobtxt2rdacontent asin mediaciónbn2rdamedia avolumenbnc2rdacarrier aInventariado, 2023/ YL 4aSalud públicaxLegislaciónzRepública Dominicana916564 4aRepública DominicanaxLey No. 42-01932031 aYLockward 2ddccLBS1 00102ddc51708PDaBNPHUbBNPHUcCTd2017-11-30eDonado por el Dr. Luciano M.P.l0oBNPHU PD 344. 729304 R426L, 2001p2023-5125r2023-08-01w2023-08-01yLBS1 00102ddc51708PDaBNPHUbBNPHUcCTd2017-11-30eDonado por el Dr. Luciano M.P.l0oBNPHU PD 344. 729304 R426L, 2001p2023-6414r2023-09-26te. 2w2023-08-01yLBS1 c54294d54294